000 00520nmm a2200169Ia 4500
008 251105s9999||||xx |||||||||||||||||und||
020 _a9788497422413
041 _aspa
100 _aGarcía de la Hoz, Antonio (coord.)
245 0 _aDe Edipo a Narciso : feminidad y moral en el psicoanálisis
264 _a[Madrid, España] :
_bBiblioteca Nueva,
_c2004
300 _a264 páginas
490 _aColección Quipú
650 _aPsychology
856 _uhttps://public.digitaliapublishing.com/a/45845
942 _cCF
999 _c90258
_d90258